[Event "World Junior Girls 2015"]
[Site "Khanty-Mansiysk RUS"]
[Date "2015.09.03"]
[Round "2.19"]
[White "Thomas, Anysia"]
[Black "Assaubayeva, Bibissara"]
[Result "0-1"]
[BlackTitle "WFM"]
[WhiteElo "2035"]
[BlackElo "2241"]
[WhiteFideId "670472"]
[BlackFideId "13708694"]
[EventDate "2015.09.02"]

1. d4 Nf6 2. Nf3 g6 3. c4 Bg7 4. Nc3 d6 5. e4 O-O 6. h3 e5 7. dxe5 dxe5 8. Be3
Qe7 9. Be2 c6 10. O-O Na6 11. a3 Nc5 12. Qc2 Nh5 13. Rfd1 Ne6 14. b4 Nhf4 15.
Bf1 g5 16. Rab1 h5 17. g3 Ng6 18. Qc1 g4 19. hxg4 hxg4 20. Nh2 Nd4 21. Bh6 Be6
22. Bxg7 Kxg7 23. Be2 Rh8 24. Qe3 Qd7 25. f4 Nxf4 26. gxf4 Rh3 27. Qf2 Rxc3 28.
f5 g3 29. Qg2 Bxf5 30. exf5 Nxe2+ 31. Qxe2 gxh2+ 32. Kh1 Qxf5 33. Rf1 Qg5 34.
Qf2 f6 35. Rbd1 Kg6 36. Rd6 Rf8 37. c5 Rc1 38. Rdd1 Rxd1 39. Rxd1 Rh8 40. Qc2+
Qf5 41. Qg2+ Kf7 42. b5 e4 43. bxc6 bxc6 44. Rf1 Qd5 45. Re1 e3 46. Qxd5+ cxd5
47. Rxe3 Rc8 48. Rc3 Ke6 49. Kxh2 d4 50. Rc1 Kd5 51. Rf1 d3 52. Rxf6 Kxc5 53.
Rf1 d2 54. Kg2 Rd8 55. Rd1 Kc4 56. Kf3 Kc3 57. Ke2 Re8+ 0-1

[Event "World Junior Girls 2015"]
[Site "Khanty-Mansiysk RUS"]
[Date "2015.09.03"]
[Round "2.20"]
[White "Terbe, Julianna"]
[Black "Bengtsson, Jessica"]
[Result "1-0"]
[WhiteTitle "WFM"]
[WhiteElo "2233"]
[BlackElo "2056"]
[WhiteFideId "708780"]
[BlackFideId "1711083"]
[EventDate "2015.09.02"]

1. e4 c5 2. Nf3 d6 3. d4 cxd4 4. Nxd4 Nf6 5. f3 a6 6. c4 e5 7. Nc2 Be6 8. Nc3
Be7 9. Be3 O-O 10. Qd2 Qc7 11. b3 Nbd7 12. Rc1 Rac8 13. Be2 Qb8 14. O-O Bd8 15.
Rfd1 Ne8 16. Na4 Kh8 17. Qb4 Qc7 18. Ne1 Be7 19. Nd3 Nc5 20. Nb6 Nxd3 21. Bxd3
d5 22. c5 Rd8 23. exd5 Bxd5 24. Nxd5 Rxd5 25. Be4 Rxd1+ 26. Rxd1 b5 27. cxb6
Bxb4 28. bxc7 Nxc7 29. Rd7 Nb5 30. Rb7 Ba3 31. Rb6 f5 32. Bd3 f4 33. Bf2 Nd4 34.
Rxa6 Bb4 35. Ra4 Bc3 36. Rc4 Bb2 37. b4 Kg8 38. a4 Rd8 39. Bf1 g5 40. h3 h5 41.
b5 Kf7 42. b6 Rb8 43. a5 Ke6 44. Rb4 Bc3 45. a6 Bxb4 46. a7 Nc6 47. Bb5 Nxa7 48.
bxa7 Rc8 49. Bc6 Rxc6 50. a8=Q Rc1+ 51. Kh2 Be1 52. Qg8+ Kf6 53. Qh8+ Kg6 54.
Qe8+ Kf6 55. Bxe1 Rxe1 56. Qxh5 e4 57. h4 e3 58. Qxg5+ 1-0

[Event "World Junior Girls 2015"]
[Site "Khanty-Mansiysk RUS"]
[Date "2015.09.03"]
[Round "2.21"]
[White "Barbier, Astrid"]
[Black "Makarenko, Alexandra"]
[Result "0-1"]
[BlackTitle "WFM"]
[WhiteElo "1835"]
[BlackElo "2229"]
[WhiteFideId "200395"]
[BlackFideId "4165055"]
[EventDate "2015.09.02"]

1. e4 e5 2. Nf3 Nc6 3. Bb5 a6 4. Ba4 Nf6 5. d3 b5 6. Bb3 Be7 7. O-O O-O 8. Re1
Bb7 9. Nbd2 d6 10. c3 Na5 11. Bc2 c5 12. Nf1 Re8 13. Ng3 Bf8 14. h3 d5 15. Bg5
h6 16. Bc1 Qc7 17. Nh4 Rad8 18. Qe2 b4 19. Nhf5 bxc3 20. bxc3 c4 21. dxc4 dxe4
22. Nxe4 Bxe4 23. Bxe4 Nxe4 24. Qxe4 Qxc4 25. Qxc4 Nxc4 26. Ne3 Rc8 27. Nxc4
Rxc4 28. Bd2 f6 29. Kf1 Rd8 30. Re2 Rb8 31. Be1 Kf7 32. Rd1 Ke6 33. g3 f5 34.
Kg2 g5 35. f3 Bc5 36. Kf1 a5 37. Kg2 a4 38. Kf1 a3 39. Kg2 Ra4 40. Bf2 Bxf2 41.
Kxf2 Rc4 42. Rc2 Rbc8 43. Rd3 h5 44. Ke2 h4 45. g4 fxg4 46. fxg4 e4 47. Re3 Ke5
48. Ke1 Kf4 49. Kf2 Rb8 50. Re1 Rb2 51. Rc1 Rxc3 0-1

[Event "World Junior Girls 2015"]
[Site "Khanty-Mansiysk RUS"]
[Date "2015.09.03"]
[Round "2.22"]
[White "Utiatskaja, Irina"]
[Black "Drogovoz, Maria"]
[Result "1-0"]
[WhiteTitle "WFM"]
[BlackTitle "WFM"]
[WhiteElo "2201"]
[BlackElo "1924"]
[WhiteFideId "24140848"]
[BlackFideId "4176731"]
[EventDate "2015.09.02"]

1. e4 c5 2. Ne2 d6 3. d4 cxd4 4. Nxd4 Nf6 5. Nc3 a6 6. Be3 e6 7. Qf3 Qc7 8.
O-O-O Nbd7 9. Qg3 b5 10. a3 Bb7 11. f3 Rc8 12. Bxb5 axb5 13. Ndxb5 Qb8 14. Nxd6+
Bxd6 15. Qxd6 Qxd6 16. Rxd6 Ke7 17. Rhd1 Rc6 18. R6d2 Rhc8 19. Nb5 Ra8 20. Bg5
Bc8 21. Nd6 Rc7 22. f4 Kf8 23. c4 h6 24. Bh4 Nxe4 25. Nxe4 Rxc4+ 26. Nc3 Rxf4
27. Bg3 Rc4 28. Rxd7 Bxd7 29. Rxd7 Ke8 30. Rb7 Rd8 31. a4 Rd7 32. Rb6 Ra7 33.
Kb1 Ke7 34. Nb5 Rd7 35. Bd6+ Rxd6 36. Nxd6 Rxa4 37. b4 Kd7 38. Nc4 Kc7 39. Kb2
e5 40. Rb5 e4 41. Kc3 Ra2 42. Ne3 g6 43. Kd4 f5 44. Rc5+ Kb7 45. Rc2 Ra4 46. Nd5
Ra3 47. Rc7+ Kb8 48. Rc6 Rd3+ 49. Kc4 1-0

[Event "World Junior Girls 2015"]
[Site "Khanty-Mansiysk RUS"]
[Date "2015.09.03"]
[Round "2.23"]
[White "Kusenkova, Natallia"]
[Black "Musaeva, Shakhnazi"]
[Result "1-0"]
[WhiteElo "2155"]
[BlackElo "1586"]
[WhiteFideId "13506501"]
[BlackFideId "13801643"]
[EventDate "2015.09.02"]

1. Nf3 Nf6 2. g3 e6 3. Bg2 d5 4. d4 Bd6 5. O-O O-O 6. c4 c5 7. cxd5 Nxd5 8. e4
Nb6 9. e5 Be7 10. dxc5 Bxc5 11. Nc3 h6 12. Qc2 N6d7 13. Rd1 Nc6 14. Ne4 Be7 15.
a3 Qc7 16. b4 a6 17. Bb2 Nb6 18. Nf6+ Bxf6 19. exf6 Nd5 20. fxg7 Rd8 21. Ne5 f6
22. Ng4 Qxg7 23. Bxd5 Qxg4 24. Bxc6 Rxd1+ 25. Rxd1 bxc6 26. Rd8+ 1-0

[Event "World Junior Girls 2015"]
[Site "Khanty-Mansiysk RUS"]
[Date "2015.09.03"]
[Round "2.24"]
[White "Voskresenskaya, Marta"]
[Black "Amrayeva, Aytan"]
[Result "1-0"]
[BlackTitle "WCM"]
[WhiteElo "1703"]
[BlackElo "2145"]
[WhiteFideId "34127795"]
[BlackFideId "13405101"]
[EventDate "2015.09.02"]

1. d4 g6 2. c4 Bg7 3. Nc3 Nf6 4. Nf3 d6 5. Bg5 h6 6. Bh4 O-O 7. h3 Nbd7 8. e3 c5
9. d5 a6 10. Be2 Rb8 11. O-O Qa5 12. a4 Qb4 13. Ra3 Qa5 14. Bg3 Nh5 15. Bh2 f5
16. Nd2 Nhf6 17. f3 Nh5 18. Bd3 Ne5 19. Bc2 f4 20. Re1 Qd8 21. exf4 Nxf4 22.
Bxf4 Rxf4 23. Re4 Qf8 24. Ne2 Rxe4 25. Bxe4 Qf6 26. Qc2 Bd7 27. Ra2 Be8 28. Qb3
b5 29. f4 Nf7 30. cxb5 axb5 31. Bd3 c4 32. Bxc4 g5 33. axb5 gxf4 34. b6 Nd8 35.
Nf3 Bh5 36. Ned4 Bxf3 37. Nxf3 Qf5 38. Bd3 Qc8 39. Ra7 Qc5+ 40. Kh2 Nf7 41. Rxe7
Ne5 42. Be4 Qf2 43. b7 Qg3+ 44. Kh1 Bf6 45. Rc7 Bh4 46. Rc1 Nxf3 47. Bxf3 Qf2
48. Qb5 Qe3 49. Rc8+ Kg7 50. Qd7+ Be7 51. Qg4+ 1-0

[Event "World Junior Girls 2015"]
[Site "Khanty-Mansiysk RUS"]
[Date "2015.09.04"]
[Round "3.1"]
[White "Gaboyan, Susanna"]
[Black "Abdumalik, Zhansaya"]
[Result "0-1"]
[BlackTitle "WGM"]
[WhiteElo "2107"]
[BlackElo "2380"]
[WhiteFideId "13303627"]
[BlackFideId "13703544"]
[EventDate "2015.09.02"]

1. d4 Nf6 2. c4 e6 3. g3 d5 4. Bg2 dxc4 5. Qa4+ c6 6. Qxc4 b5 7. Qd3 Qb6 8. Bd2
a5 9. Nf3 Ba6 10. Bg5 Nbd7 11. O-O b4 12. Qd1 Rc8 13. Nbd2 c5 14. Rc1 c4 15.
Bxf6 gxf6 16. Ne4 f5 17. Neg5 Bg7 18. e4 fxe4 19. Ne5 Nxe5 20. dxe5 h6 21. Nxe4
Bxe5 22. Re1 Rd8 23. Qc2 Bd4 24. Bf1 f5 25. Bxc4 Bxc4 26. Qxc4 fxe4 27. Rxe4 Ke7
28. Qf1 Bxb2 29. Rce1 Rd6 30. Qh3 Rf8 31. R1e2 Bg7 32. Kg2 Qc6 33. f3 Qd5 34.
Qg4 Bc3 35. Rc4 Qf5 36. Qh4+ Rf6 37. Rf4 Qg5 0-1

[Event "World Junior Girls 2015"]
[Site "Khanty-Mansiysk RUS"]
[Date "2015.09.04"]
[Round "3.3"]
[White "Drogovoz, Irina"]
[Black "Nguyen, Thi Thuy Trien"]
[Result "1-0"]
[BlackTitle "WFM"]
[WhiteElo "2253"]
[BlackElo "1939"]
[WhiteFideId "4176715"]
[BlackFideId "12404179"]
[EventDate "2015.09.02"]

1. d4 Nf6 2. c4 g6 3. Nc3 Bg7 4. e4 d6 5. h3 O-O 6. Nf3 e5 7. d5 Nh5 8. g3 Qe8
9. Be2 f5 10. exf5 gxf5 11. Nh4 Nf6 12. Qc2 Na6 13. g4 e4 14. Nxf5 Bxf5 15. gxf5
Nb4 16. Qd1 e3 17. Bxe3 Ne4 18. Rg1 Rxf5 19. a3 Nxc3 20. bxc3 Na6 21. Qc2 Rf6
22. O-O-O Nc5 23. Bd4 Nd7 24. Bxf6 Nxf6 25. Qf5 Kh8 1-0

[Event "World Junior Girls 2015"]
[Site "Khanty-Mansiysk RUS"]
[Date "2015.09.04"]
[Round "3.4"]
[White "Ziaziulkina, Nastassia"]
[Black "Derakhshani, Dorsa"]
[Result "1-0"]
[WhiteTitle "IM"]
[BlackTitle "WIM"]
[WhiteElo "2401"]
[BlackElo "2244"]
[WhiteFideId "13505211"]
[BlackFideId "12500330"]
[EventDate "2015.09.02"]

1. e4 c5 2. Nf3 d6 3. d4 cxd4 4. Nxd4 Nf6 5. Nc3 a6 6. Bg5 Nbd7 7. a4 Qc7 8. a5
h6 9. Be3 Ne5 10. Ndb5 axb5 11. Bb6 Qb8 12. Nxb5 Bg4 13. f3 Be6 14. Nc7+ Kd7 15.
Bb5+ Kc8 16. Nxa8 Qxa8 17. Qd2 Bd7 18. Be2 Nc6 19. b4 Be6 20. b5 Nd8 21. Qc3+
Kd7 22. Qc7+ Ke8 23. a6 bxa6 24. bxa6 Bd7 25. Qxd8+ Qxd8 26. Bxd8 Kxd8 27. a7
Bc6 28. a8=Q+ Bxa8 29. Rxa8+ Kd7 30. Bc4 e6 31. Ra7+ Kc6 32. Rxf7 d5 33. Bd3
dxe4 34. Bxe4+ Nxe4 35. fxe4 Bb4+ 36. Ke2 g5 37. Rd1 Bd6 38. h3 Ra8 39. Rf6 1-0

[Event "World Junior Girls 2015"]
[Site "Khanty-Mansiysk RUS"]
[Date "2015.09.04"]
[Round "3.5"]
[White "Rodriguez Rueda, Paula Andrea"]
[Black "Buksa, Nataliya"]
[Result "0-1"]
[WhiteTitle "IM"]
[BlackTitle "WFM"]
[WhiteElo "2358"]
[BlackElo "2199"]
[WhiteFideId "4404564"]
[BlackFideId "14123622"]
[EventDate "2015.09.02"]

1. d4 d5 2. c4 e6 3. Nc3 Nf6 4. Nf3 Be7 5. Bg5 h6 6. Bh4 O-O 7. e3 Ne4 8. Nxe4
Bxh4 9. Nc3 Be7 10. Rc1 dxc4 11. Bxc4 c5 12. O-O Nd7 13. Qe2 a6 14. Rfd1 b5 15.
Bb3 Qb6 16. d5 c4 17. dxe6 Qxe6 18. Nd4 Qe5 19. Bc2 Nf6 20. f4 Qc7 21. Be4 Nxe4
22. Nxe4 Bb7 23. Ng3 Bc5 24. Ndf5 Qxf4 25. Rf1 Qe5 26. Nh5 Kh7 27. Nhxg7 Rg8 28.
Rf2 Rxg7 29. Nxg7 Qxe3 30. Qxe3 Bxe3 31. Nh5 Bxc1 0-1

[Event "World Junior Girls 2015"]
[Site "Khanty-Mansiysk RUS"]
[Date "2015.09.04"]
[Round "3.6"]
[White "Pratyusha, Bodda"]
[Black "Wozniak, Mariola"]
[Result "1-0"]
[WhiteTitle "WIM"]
[BlackTitle "WCM"]
[WhiteElo "2326"]
[BlackElo "2198"]
[WhiteFideId "5000629"]
[BlackFideId "1152050"]
[EventDate "2015.09.02"]

1. d4 f5 2. Nc3 Nf6 3. Bg5 d5 4. f3 Nc6 5. Qd2 h6 6. Bh4 g5 7. Bf2 e6 8. a3 Bd7
9. h4 Rg8 10. hxg5 hxg5 11. e4 dxe4 12. fxe4 fxe4 13. O-O-O Bd6 14. Kb1 Qe7 15.
Be3 Qg7 16. Nh3 g4 17. Ng5 O-O-O 18. Bc4 Rge8 19. Ngxe4 Nxe4 20. Nxe4 Kb8 21.
Rh6 Bf8 22. Rdh1 Bc8 23. Rh7 Qg6 24. Bd3 e5 25. d5 Ne7 26. d6 cxd6 27. Qa5 b6
28. Bxb6 axb6 29. Qxb6+ Ka8 30. Nc5 Qg5 31. Bb5 Bg7 32. Bxe8 Rxe8 33. Na6 Bxa6
34. Qxa6+ Kb8 35. Qb5+ 1-0

[Event "World Junior Girls 2015"]
[Site "Khanty-Mansiysk RUS"]
[Date "2015.09.04"]
[Round "3.7"]
[White "Leonardi, Caterina"]
[Black "Bivol, Alina"]
[Result "0-1"]
[BlackTitle "WIM"]
[WhiteElo "2080"]
[BlackElo "2321"]
[WhiteFideId "14601036"]
[BlackFideId "4100123"]
[EventDate "2015.09.02"]

1. d4 d5 2. c4 Nc6 3. Nf3 Bg4 4. e3 e5 5. cxd5 Qxd5 6. Be2 exd4 7. exd4 O-O-O 8.
Nc3 Qa5 9. Be3 Bb4 10. O-O Nge7 11. Rc1 Nf5 12. a3 Bxc3 13. Rxc3 Ncxd4 14. Nxd4
Bxe2 15. Qxe2 Nxd4 16. Qc4 b5 17. Qc5 Ne2+ 18. Kh1 Nxc3 19. bxc3 Qa6 20. Qf5+
Rd7 21. h3 g6 22. Qe5 Rhd8 23. Bd4 Rd5 24. Qe3 Qxa3 25. Rb1 Rxd4 26. cxd4 Qxe3
27. fxe3 a6 28. Kg1 Kb7 29. Kf2 Kb6 30. Ke2 a5 31. Rf1 f5 32. g4 Rd5 33. gxf5
Rxf5 34. Rc1 Rh5 35. Rh1 c5 36. dxc5+ Kxc5 37. Kd3 a4 38. e4 b4 39. Rc1+ Kb5 40.
Kd4 b3 41. e5 Rh4+ 42. Kd5 b2 43. Rc8 Kb4 44. e6 Rxh3 45. e7 Re3 46. e8=Q Rxe8
47. Rxe8 Ka3 48. Re3+ Ka2 49. Re2 Ka1 50. Re4 a3 0-1

[Event "World Junior Girls 2015"]
[Site "Khanty-Mansiysk RUS"]
[Date "2015.09.04"]
[Round "3.8"]
[White "Sviridova, Vlada"]
[Black "Michelle Catherina, P"]
[Result "1/2-1/2"]
[WhiteTitle "WFM"]
[BlackTitle "WIM"]
[WhiteElo "2125"]
[BlackElo "2259"]
[WhiteFideId "24109606"]
[BlackFideId "5005736"]
[EventDate "2015.09.02"]

1. d4 Nf6 2. c4 e6 3. Nf3 Bb4+ 4. Nc3 c5 5. g3 Ne4 6. Qd3 Qa5 7. Qxe4 Bxc3+ 8.
Bd2 Bxd2+ 9. Nxd2 Qb6 10. O-O-O cxd4 11. Nb3 O-O 12. Qxd4 Qc6 13. e4 b5 14. Kb1
Bb7 15. Nc5 bxc4 16. Nxb7 Qxb7 17. Bxc4 Rd8 18. e5 Nc6 19. Qe4 Rab8 20. b3 a5
21. Rhe1 Qa7 22. Re3 a4 23. f4 Na5 24. Qd4 Qa8 25. Qe4 axb3 26. axb3 Qxe4+ 27.
Rxe4 Nxc4 28. Rxc4 Rxb3+ 29. Kc2 Rb7 30. Ra1 Kf8 31. Kc3 Rdb8 32. Ra3 Ke7 33. h4
Rb1 34. Kd4 R8b3 35. Rc3 Rxc3 36. Rxc3 Re1 37. Kd3 f6 38. Kd2 Re4 39. Kd3 Re1
40. Kd2 Ra1 41. Ke3 Rd1 42. Rc8 Rd5 43. Ke4 Ra5 44. g4 d5+ 45. exd6+ Kxd6 46.
Rg8 Ra7 47. h5 h6 48. Rb8 Ra4+ 49. Kf3 Ra3+ 50. Kg2 Ra7 51. Kf3 Ke7 52. Rb5 Kf7
53. Kg3 Rc7 54. Ra5 Rc3+ 55. Kf2 Rc7 56. Kf3 g6 57. hxg6+ Kxg6 58. f5+ exf5 59.
Rxf5 Rc1 60. Kg2 Re1 61. Ra5 Re5 62. Ra8 Kg5 63. Rg8+ Kf4 64. Rg6 h5 65. gxh5
Rg5+ 66. Rxg5 Kxg5 67. Kf3 Kxh5 68. Kf4 Kg6 69. Kg4 f5+ 70. Kf4 Kf6 71. Kf3 Ke5
72. Ke3 f4+ 1/2-1/2

[Event "World Junior Girls 2015"]
[Site "Khanty-Mansiysk RUS"]
[Date "2015.09.04"]
[Round "3.9"]
[White "Mammadzada, Gunay"]
[Black "Ivanova, Karina"]
[Result "1-0"]
[WhiteTitle "WGM"]
[BlackTitle "WFM"]
[WhiteElo "2355"]
[BlackElo "2177"]
[WhiteFideId "13403729"]
[BlackFideId "24139750"]
[EventDate "2015.09.02"]

1. e4 e6 2. d4 d5 3. Nd2 dxe4 4. Nxe4 Nd7 5. Nf3 Ngf6 6. Nxf6+ Nxf6 7. Be3 Nd5
8. Bd2 c5 9. dxc5 Bxc5 10. Bb5+ Bd7 11. Bxd7+ Qxd7 12. O-O O-O 13. Qe2 Rad8 14.
Rad1 Qc7 15. c4 Nb4 16. a3 Nc6 17. Bc3 a5 18. Qe4 Rxd1 19. Rxd1 Rd8 20. Rxd8+
Qxd8 21. g3 a4 22. Kg2 Be7 23. Qc2 Qa8 24. h4 f5 25. Qd1 Qa6 26. Qe2 Nd8 27. Qe5
Bf8 28. Qb8 Nc6 29. Qc8 Ne7 30. Qd8 Nc6 31. Qc8 Ne7 32. Qd8 Nc6 33. Qe8 Qxc4 34.
Ng5 e5 35. Ne6 Qd5+ 36. Kh2 Qd6 37. Nxf8 Qxf8 38. Qe6+ Kh8 39. Bxe5 Qe7 40. Qxf5
Kg8 41. Bc3 Qf7 42. Qxf7+ Kxf7 43. h5 g6 44. hxg6+ hxg6 45. Kh3 Ne7 46. Kg4 Nd5
47. Kg5 Nc7 48. f4 Ne6+ 49. Kg4 Nc5 50. f5 Ne4 51. fxg6+ Kxg6 52. Kf4 Nf2 53.
Ke3 Nh3 54. Kd4 Nf2 55. Kc4 Kf5 56. Kb5 Ne4 57. Be1 1-0

[Event "World Junior Girls 2015"]
[Site "Khanty-Mansiysk RUS"]
[Date "2015.09.04"]
[Round "3.10"]
[White "Aulia, Medina Warda"]
[Black "Kusenkova, Natallia"]
[Result "1/2-1/2"]
[WhiteTitle "WGM"]
[WhiteElo "2417"]
[BlackElo "2155"]
[WhiteFideId "7101570"]
[BlackFideId "13506501"]
[EventDate "2015.09.02"]

1. e4 e5 2. Nf3 Nc6 3. Bc4 Nf6 4. d3 Bc5 5. c3 O-O 6. Bg5 h6 7. Bh4 Be7 8. Bb3
Nh5 9. Bg3 Nxg3 10. hxg3 d6 11. Nbd2 Na5 12. Bc2 c5 13. Nf1 Be6 14. Ne3 Nc6 15.
g4 Bg5 16. Nxg5 Qxg5 17. Qe2 b5 18. g3 Qd8 19. f4 f6 20. Bb3 Bxb3 21. axb3 a5
22. Qh2 b4 23. Nf5 Ra7 24. Qh5 Qe8 25. Qh3 Qd8 26. c4 Nd4 27. Nxd4 cxd4 28. Qh5
Qe8 29. Qxe8 Rxe8 30. Kf2 Kf7 31. Ra4 Kg6 32. Kf3 Rea8 33. Rh2 1/2-1/2

[Event "World Junior Girls 2015"]
[Site "Khanty-Mansiysk RUS"]
[Date "2015.09.04"]
[Round "3.11"]
[White "Lingur, Zalina"]
[Black "Saduakassova, Dinara"]
[Result "0-1"]
[WhiteTitle "WFM"]
[BlackTitle "WGM"]
[WhiteElo "2128"]
[BlackElo "2409"]
[WhiteFideId "34165670"]
[BlackFideId "13700090"]
[EventDate "2015.09.02"]

1. e4 c5 2. Nf3 e6 3. d4 cxd4 4. Nxd4 Nf6 5. Nc3 d6 6. g4 h6 7. h3 Be7 8. Be3
Nc6 9. Bg2 Nd7 10. Qe2 Nxd4 11. Bxd4 e5 12. Be3 Nb6 13. Rd1 O-O 14. O-O Be6 15.
b3 Qc8 16. Qd2 h5 17. f3 Rd8 18. Nd5 Nxd5 19. exd5 Bd7 20. c4 f5 21. gxf5 Bxf5
22. Kh2 Rf8 23. f4 e4 24. Rc1 Qd7 25. b4 b6 26. Rfd1 Rad8 27. Qc2 Bf6 28. Rg1
Rfe8 29. a4 Qc7 30. Qa2 Kh8 31. Bf1 Rb8 32. Be2 g6 33. Bf1 Kh7 34. Qd2 Qd7 35.
Qa2 Bg7 36. a5 Qc7 37. axb6 axb6 38. Qf2 Qa7 39. Rc2 Qa3 40. Qd2 Ra8 41. Rg2 Qb3
42. c5 Ra3 43. Re2 bxc5 44. bxc5 dxc5 45. Rxc5 Rd8 46. Bg2 Rd7 47. d6 Ra6 48.
Rc7 Raxd6 49. Rxd7 Rxd7 50. Qa5 Qd3 51. Bf1 Bc3 52. Qa4 Bg7 53. Re1 Qc3 54. Re2
Bh6 55. Bg2 Re7 56. Bd2 Qc7 57. Kh1 Bxf4 58. Bxf4 Qxf4 59. Qb4 Rc7 60. Re1 Qg3
61. Rf1 e3 62. Qb2 Bxh3 63. Bxh3 Qxh3+ 64. Kg1 Qg4+ 65. Kh1 e2 66. Rb1 Qe4+ 67.
Kh2 e1=Q 0-1

[Event "World Junior Girls 2015"]
[Site "Khanty-Mansiysk RUS"]
[Date "2015.09.04"]
[Round "3.12"]
[White "Paredes Bustamante, Paula"]
[Black "Bayarmaa, Bayarjargal"]
[Result "0-1"]
[WhiteTitle "WFM"]
[BlackTitle "WFM"]
[WhiteElo "2156"]
[BlackElo "2265"]
[WhiteFideId "3804992"]
[BlackFideId "4900260"]
[EventDate "2015.09.02"]

1. e4 c5 2. Nf3 d6 3. d4 cxd4 4. Nxd4 Nf6 5. Nc3 a6 6. h3 e5 7. Nb3 Be6 8. Be3
Nbd7 9. Qf3 Rc8 10. O-O-O Qc7 11. Bd3 Nb6 12. Bxb6 Qxb6 13. Nd5 Bxd5 14. exd5
Be7 15. g4 g6 16. Kb1 O-O 17. Rhe1 Nd7 18. g5 Bxg5 19. h4 Bh6 20. h5 Bg7 21. Qh3
Qd8 22. hxg6 hxg6 23. Rh1 Re8 24. Nd2 Nf8 25. f3 Qd7 26. Qh4 f5 27. Qb4 b5 28.
Rhg1 Kf7 29. Qa5 Ra8 30. Nb3 Rec8 31. Qb4 Qd8 32. Na5 Qf6 33. c3 Nd7 34. Bc2 Bh6
35. Rg2 Be3 36. Nc6 Bc5 37. Qb3 Nb6 38. Bd3 Qh4 39. Qc2 Qf4 40. Be2 b4 41. cxb4
Bxb4 42. Rgg1 Bc5 43. Rh1 Kg7 44. Rh3 Rh8 45. Rdh1 Rxh3 46. Rxh3 a5 47. a3 a4
48. Qd1 Qg5 49. f4 Qxf4 50. Bd3 Qf2 51. Qh1 Kf6 52. Ka2 Bd4 53. Qb1 Nxd5 54. Ka1
Nf4 0-1

[Event "World Junior Girls 2015"]
[Site "Khanty-Mansiysk RUS"]
[Date "2015.09.04"]
[Round "3.13"]
[White "Assaubayeva, Bibissara"]
[Black "Milosevic, Jovana"]
[Result "1/2-1/2"]
[WhiteTitle "WFM"]
[BlackTitle "WFM"]
[WhiteElo "2241"]
[BlackElo "2117"]
[WhiteFideId "13708694"]
[BlackFideId "900427"]
[EventDate "2015.09.02"]

1. d4 d5 2. c4 c6 3. Nf3 Nf6 4. Nc3 e6 5. Bg5 Nbd7 6. cxd5 cxd5 7. e3 Be7 8. Bd3
O-O 9. O-O a6 10. Rc1 b5 11. Qe2 Bb7 12. Rc2 Ne4 13. Bf4 Rc8 14. Rfc1 Ndf6 15.
Bxe4 dxe4 16. Nd2 Qd7 17. a3 Bd5 18. Be5 Qb7 19. Bxf6 Bxf6 20. Ndxe4 Bxe4 21.
Nxe4 Rxc2 22. Qxc2 a5 23. Nxf6+ gxf6 24. Qc6 Rb8 25. Qxb7 Rxb7 26. Kf1 a4 27.
Ke2 b4 28. Rc4 bxa3 29. bxa3 Ra7 30. e4 Ra5 31. Kd3 f5 32. e5 h5 33. f4 h4 34.
Rb4 Kg7 35. h3 Ra8 36. Kc3 Rc8+ 37. Rc4 Ra8 38. Kd3 Rb8 39. Rb4 Ra8 40. Ke3 Rc8
41. Rxa4 Rc3+ 42. Kf2 Rd3 43. Ke1 Kg6 44. Rc4 Rxa3 45. d5 exd5 46. Rc6+ Kg7 47.
Rf6 Ra2 48. Kf1 d4 49. Rxf5 d3 50. Rg5+ Kf8 51. Ke1 Re2+ 52. Kd1 Ke7 53. g3 hxg3
54. Rxg3 Rf2 55. Rxd3 Rxf4 56. Ke2 Ke6 57. Re3 Rf5 1/2-1/2

[Event "World Junior Girls 2015"]
[Site "Khanty-Mansiysk RUS"]
[Date "2015.09.04"]
[Round "3.14"]
[White "Garifullina, Leya"]
[Black "Terbe, Julianna"]
[Result "0-1"]
[BlackTitle "WFM"]
[WhiteElo "1776"]
[BlackElo "2233"]
[WhiteFideId "34127035"]
[BlackFideId "708780"]
[EventDate "2015.09.02"]

1. e4 c5 2. Nf3 e6 3. d4 cxd4 4. Nxd4 a6 5. Bd3 Bc5 6. Nb3 Ba7 7. Nc3 d6 8. Qe2
Nf6 9. Be3 Qc7 10. Bxa7 Rxa7 11. O-O Nbd7 12. f4 b5 13. a3 O-O 14. Kh1 Bb7 15.
Rae1 Nc5 16. Nxc5 Qxc5 17. e5 dxe5 18. fxe5 Nd7 19. Qh5 f5 20. Qe2 Nb6 21. Rf4
g5 22. Rff1 Bc6 23. Qf2 Qxf2 24. Rxf2 Rd7 25. Kg1 Rb8 26. Rfe2 Kg7 27. h3 Rd4
28. Kh2 Nc8 29. Rf2 Ne7 30. Ne2 Rh4 31. g3 Rh6 32. Nd4 Bd5 33. Bf1 Rd8 34. Rd1
Kf7 35. c3 Ng6 36. Re1 g4 37. h4 Ke7 38. Bg2 Rh5 39. Rd2 f4 40. Bxd5 Rxd5 41.
gxf4 Nxf4 42. Kg3 Ng6 43. Kxg4 Rxh4+ 44. Kg3 Rh5 45. Nc6+ Ke8 46. Rxd5 Rg5+ 47.
Kh3 exd5 48. e6 Nf4+ 49. Kh2 Rg2+ 50. Kh1 Rxb2 51. e7 Re2 52. Rf1 Ng6 53. Rf6
Nxe7 54. Nxe7 Kxe7 55. Rxa6 Rb2 56. Ra7+ Kd6 57. Rxh7 Rb3 58. Ra7 Rxc3 59. Kg2
Rc2+ 60. Kf3 Ra2 61. Ra8 Kc5 62. Ke3 Kc4 63. Rc8+ Kb3 64. Rc5 Rxa3 65. Rxd5 Kc4+
66. Ke4 b4 67. Rd8 Ra7 68. Rc8+ Kb3 69. Kd3 Rd7+ 70. Ke2 Kb2 71. Rb8 b3 72. Ra8
Kb1 73. Rb8 b2 74. Ra8 Rd5 0-1

[Event "World Junior Girls 2015"]
[Site "Khanty-Mansiysk RUS"]
[Date "2015.09.04"]
[Round "3.15"]
[White "Makarenko, Alexandra"]
[Black "Monnisha, G K"]
[Result "1/2-1/2"]
[WhiteTitle "WFM"]
[BlackTitle "WFM"]
[WhiteElo "2229"]
[BlackElo "2004"]
[WhiteFideId "4165055"]
[BlackFideId "5009936"]
[EventDate "2015.09.02"]

1. e4 e5 2. Nf3 Nc6 3. Bb5 a6 4. Ba4 Nf6 5. O-O b5 6. Bb3 Bb7 7. d4 Nxd4 8.
Bxf7+ Kxf7 9. Nxe5+ Kg8 10. Qxd4 c5 11. Qd1 Qe7 12. Ng4 Nxg4 13. Qxg4 Qxe4 14.
Qh3 h6 15. Nc3 Qg6 16. Ne2 Re8 17. Nf4 Qf7 18. Be3 Bd6 19. Rae1 Re4 20. Nh5 Bd5
21. f4 Kh7 22. f5 Rhe8 23. f6 Be6 24. fxg7 Qxf1+ 25. Kxf1 Bxh3 26. Nf6+ Kxg7 27.
Nxe8+ Rxe8 28. Bxh6+ Kxh6 29. Rxe8 Be6 30. Ra8 Kg5 31. Rxa6 Bxh2 32. a4 bxa4 33.
Rxa4 c4 34. Ke2 Be5 35. Rb4 Kf4 36. b3 Ke4 37. bxc4 Kd4 38. Kd2 Bf4+ 39. Kd1
Bxc4 40. Rb7 Be6 41. Rb4+ Ke3 42. Kc1 Bg3 43. Kb2 Kf2 44. Ra4 Kxg2 45. Kc3 Be5+
46. Kb4 Kf3 47. c4 Ke4 48. Kb5 Kd4 49. c5+ Kd5 50. Rh4 Bf7 51. Rh7 Be6 52. Rh5
Bg4 53. Rg5 Bf3 54. Kb6 Ke6 55. Rg6+ Kf5 56. c6 Kxg6 57. cxd7 Bf6 58. Kc7 Kf7
59. d8=Q Bxd8+ 60. Kxd8 1/2-1/2